000 01197nam a2200313 i 4500
003 EG-GICUC
005 20260121101452.0
008 251211s1963 ua ||||fr|||| 00| 0 ara d
040 _a EG-GICUC
_bara
_c EG-GICUC
_d EG-GICUC
_erda
041 0 _aara
082 0 4 _221
_a345.3245
_bف ت . آ
092 0 4 _221
099 _aLaw1 07 345.3245 ف ت . آ 1 ed - 1963
100 0 _aفتحى عبد الصبور
_eمؤلف.
245 1 2 _aالآثار القانونية للتأميم :
_bفي القانون المصري /
_cفتحى عبد الصبور.
250 _aالطبعة الأولى
264 1 _aالقاهرة :
_bعالم الكتب،
_c1963.
300 _a318 ؛صفحة
_c24 سم.
336 _2rda content
_atext
337 _2rda media
_aComputer
338 _2rda carrier
_aOnline Resource
504 _aيشتمل على إرجاعات ببليوجرافية.
546 _aالنص أغلبه باللغة العربية مع بعض النصوص الإنجليزية
650 1 4 _aطريقة التاميم
650 1 4 _aالقانون الإداري
856 4 0 _uhttps://fll.law.cu.edu.eg/fulltext/bks/B07-01357.pdf
905 _a32
_eYara
942 _2ddc
_cBK
_e21
_n0
999 _c49848
_d49848